[Event "34th Reggio Emilia it"]
[Site "Reggio Emilia ITA"]
[Date "1992.??.??"]
[Round "4"]
[White "Khalifman, Alexander"]
[Black "Karpov, Anatoly"]
[Result "1-0"]
[WhiteElo "2630"]
[BlackElo "2730"]
[EventDate "1991.12.??"]
[PlyCount "89"]

1.e4 e5 2.Nf3 Nc6 3.Bb5 a6 4.Ba4 Nf6 5.O-O b5 6.Bb3 Be7 7.Re1 d6 8.c3 O-O 
9.h3 Bb7 10.d4 Re8 11.Ng5 Rf8 12.Nf3 Re8 13.Nbd2 Bf8 14.a4 h6 15.Bc2 exd4 
16.cxd4 Nb4 17.Bb1 c5 18.d5 Nd7 19.Ra3 f5 20.Nh2 Nf6 21.Rf3 Re5 22.Rxf5 
Rxf5 23.exf5 Bxd5 24.Ne4 Bxe4 25.Bxe4 d5 26.Bf3 c4 27.Re6 Nd3 28.Be3 d4 
29.Bxh6 Nxb2 30.Qc2 Nxa4 31.Bg5 d3 32.Qd2 Nc5 33.Bxf6 gxf6 34.Rc6 Rc8 35.
Rxc8 Qxc8 36.Bd5+ Kh7 37.Qf4 d2 38.Qg4 d1=Q+ 39.Qxd1 Qxf5 40.Ng4 Bh6 41.
Qe1 Bf8 42.Qe8 Qb1+ 43.Kh2 Bd6+ 44.g3 Qg6 45.Qd8 1-0